| 000 | 01031nam a2200277 i 4500 | ||
|---|---|---|---|
| 001 | bg | ||
| 100 | 1 |
_aGOLIS, Bogdan _d(1937- ) |
|
| 245 | 1 | 0 |
_aDruty stalowe do zbrojenia opon / _cBogdan Golis, Zbigniew Błażejowski, Jan W. Pilarczyk. |
| 260 |
_aCzęstochowa : _bWydaw. WMiIM PC, _c1998. |
||
| 300 |
_a100, [1] s. : _bfot., rys., wykr. ; _c24 cm. |
||
| 490 | 1 |
_aPrace Dydaktyczne Wydziału Metalurgii i Inżynierii Materiałowej / Politechnika Częstochowska. Metalurgia ; _vnr 3 |
|
| 504 | _aBibliogr. s. 97-[101]. | ||
| 650 | 9 |
_aDrut _xstosowanie |
|
| 650 | 9 |
_aOpony i dętki _xmateriały |
|
| 650 | 9 |
_aStal _xwyroby _xstosowanie |
|
| 700 | 1 | _aBŁAŻEJOWSKI, Zbigniew | |
| 700 | 1 | _aPILARCZYK, Jan W. | |
| 830 | 0 |
_aPrace Dydaktyczne Wydziału Metalurgii i Inżynierii Materiałowej (Politechnika Częstochowska). _pMetalurgia ; _vnr 3 |
|
| 020 | _a8387745103 | ||
| 040 | _cBPK | ||
| 041 | 0 | _apl | |
| 080 | _a672:621.77:678.06 | ||
| 920 | _a83-87745-10-3 | ||
| 942 | _cKS | ||
| 008 | s pl f |000 0 pol | ||
| 999 |
_c42168 _d42168 |
||
| 856 |
_uhttp://koha.tu.koszalin.pl/cgi-bin/koha/opac-detail.pl?biblionumber=42168 _yKatalog online BPK |
||